Solfège poétique et musical / (Record no. 160475)

MARC details
000 -LEADER
campo de control de longitud fija 00651nam a22001935i 4500
001 - NÚMERO DE CONTROL
campo de control 160475
003 - IDENTIFICADOR DE NÚMERO DE CONTROL
campo de control ES-MaACL
005 - FECHA Y HORA DE LA ÚLTIMA TRANSACCIÓN
campo de control 20230906212039.0
008 - DATOS DE LONGITUD FIJA--INFORMACIÓN GENERAL
campo de control de longitud fija 041001q19001910fr g |||| | fre d
040 ## - FUENTE DE CATALOGACIÓN
Centro catalogador/agencia de origen CAM
Lengua de catalogación spa
Centro/agencia transcriptor CAM
080 ## - NÚMERO DE LA CLASIFICACIÓN DECIMAL UNIVERSAL
Número de la Clasificación Decimal Universal 784.94
100 1# - ENTRADA PRINCIPAL--NOMBRE DE PERSONA
Nombre de persona Nadaud, Gustave.
9 (RLIN) 130381
245 10 - MENCIÓN DEL TÍTULO
Título Solfège poétique et musical /
Mención de responsabilidad, etc. par Gustave Nadaud.
260 ## - PUBLICACIÓN, DISTRIBUCIÓN, ETC.
Lugar de publicación, distribución, etc. Paris :
Nombre del editor, distribuidor, etc. Librairie Hachette,
Fecha de publicación, distribución, etc. [19-?.] (
Fabricante Imprimerie A. Lahure)
300 ## - DESCRIPCIÓN FÍSICA
Extensión 51 p. ;
Dimensiones 28 cm.
597 ## - NOTA DE DESCRIPCIÓN FÍSICA
NOTA DE DESCRIPCIÓN FÍSICA Las p. 20-51 de pautado musical.
650 #4 - PUNTO DE ACCESO ADICIONAL DE MATERIA--TÉRMINO DE MATERIA
Término de materia o nombre geográfico como elemento de entrada Solfeo.
9 (RLIN) 136888
852 ## - LOCALIZACIÓN
Ubicación ES-MaACL
Número de control de estantería T-1238-F-1
Nota libre -- Enc. hol. conservando la cub. original
-- -- Enc. en un vol. facticio
Holdings
Estatus retirado Estado de pérdida Estado de daño No para préstamo Colección Biblioteca de origen Biblioteca actual Ubicación en estantería Fecha de adquisición Total de préstamos Signatura topográfica completa Código de barras Visto por última vez Precio de reemplazo Tipo de ítem Koha
        Colección de folletos Biblioteca del Ateneo de Madrid Biblioteca del Ateneo de Madrid Depósito folletos 17/01/2008   T-1238-F-1 1168030 23/02/2023 23/02/2023 Folleto